[Event "It (open)"]
[Site "masterchessopen.com Forchheim (Germany)"]
[Date "2010.10.01"]
[Round "1"]
[White "Guthmann Peter (GER)"]
[Black "Kutzner Joachim (GER)"]
[Result "0-1"]
[WhiteElo "2154"]
[BlackElo "2154"]

1.d4 Nf6 2.c4 g6 3.Nc3 Bg7 4.e4 d6 5.Nf3 O-O 6.Be2 e5 7.O-O Nc6 8.d5 Ne7 9.Ne1
Ne8 10.Nd3 f5 11.Bd2 Kh8 12.Rc1 Ng8 13.f4 fxe4 14.Nxe4 Bf5 15.Ng5 exf4 16.Ne6
Bxe6 17.dxe6 g5 18.h4 h6 19.hxg5 hxg5 20.Rf3 Bd4+ 21.Nf2 g4 22.Rxf4 Bxf2+
23.Rxf2 Rxf2 24.Kxf2 Qh4+ 25.Kg1 g3 26.Bc3+ Ng7 27.Bf3 Rf8 28.Qd4 Qh2+ 29.Kf1
Rxf3+ 30.gxf3 g2+ {#R} 0-1

[Event "It (open)"]
[Site "masterchessopen.com Frankfurt (Germany)"]
[Round "7"]
[White "Hettler Wolfgang (GER)"]
[Black "Hahn Werner (GER)"]
[Result "1-0"]
[WhiteElo "2065"]
[BlackElo "2172"]

1.d4 Nf6 2.c4 g6 3.Nc3 Bg7 4.e4 d6 5.Be2 O-O 6.Nf3 e5 7.O-O Nc6 8.d5 Ne7 9.Ne1
Ne8 10.Be3 f5 11.f3 f4 12.Bf2 g5 13.a4 Rf6 14.a5 Rh6 15.c5 Nf6 16.cxd6 cxd6
17.Nb5 Qe8 18.Nxd6 Qh5 19.h4 gxh4 20.Nxc8 Rxc8 21.d6 Nc6 22.Qb3+ Kh8 23.Qxb7
Qe8 24.Rc1 h3 25.g4 fxg3 26.Bxg3 Nh5 27.d7 h2+ 28.Kf2 Nxg3 29.dxe8=Q+ Rxe8
30.Kxg3 Nd4 31.Rc8 Nxe2+ 32.Kf2 {#r} 1-0

[Event "It (open)"]
[Site "masterchessopen.com Fuerth (Germany)"]
[Round "2"]
[White "Ross Thomas (GER)"]
[Black "Schuetze Norman (GER)"]
[Result "0-1"]
[WhiteElo "2035"]
[BlackElo "2134"]

1.d4 Nf6 2.Nf3 g6 3.c4 Bg7 4.Nc3 O-O 5.e4 d6 6.Be2 e5 7.O-O Nc6 8.d5 Ne7 9.Ne1
Ne8 10.Be3 Kh8 11.c5 Ng8 12.a4 Bh6 13.Bxh6 Nxh6 14.Nd3 f5 15.cxd6 cxd6 16.f4
Qe7 17.fxe5 dxe5 18.Qd2 f4 19.Rad1 Nd6 20.Nf2 a6 21.a5 Bd7 22.Ra1 Nhf7 23.Na4
Ng5 24.Bd3 Rad8 25.Nb6 Bb5 26.Rae1 Bxd3 27.Qxd3 Nb5 28.Nc4 f3 29.Ng4 Nd4
30.Ncxe5 Ne2+ 31.Rxe2 fxe2 32.Rxf8+ Rxf8 33.Qxe2 Qc5+ 34.Kh1 Nxe4 35.h3 Ng3+
{#R} 0-1

[Event "It (open)"]
[Site "masterchessopen.com Fuzesabony (Hungary)"]
[Round "8"]
[White "Kiss Pal (HUN)"]
[Black "Lengyel Laszlo (HUN)"]
[Result "1-0"]
[WhiteElo "2445"]
[BlackElo "2088"]

1.d4 g6 2.c4 Bg7 3.Nc3 d6 4.e4 Nf6 5.Nf3 O-O 6.Be2 Nc6 7.O-O e5 8.d5 Ne7 9.Ne1
Ne8 10.f3 f5 11.g4 f4 12.h4 c6 13.Kg2 Nf6 14.Nd3 cxd5 15.cxd5 a6 16.a4 Bd7
17.Qb3 Rb8 18.Bd2 Be8 19.a5 Nd7 20.Be1 Rf7 21.Bf2 b5 22.axb6 Nxb6 23.Qa2 Bb5
24.Nxb5 axb5 25.Nb4 Qd7 26.Qa6 Qb7 27.Rfc1 Nbc8 28.Qxb7 Rxb7 29.Ra5 Nb6
30.Rxb5 Nec8 31.Rc6 {#r} 1-0

[Event "It (open)"]
[Site "masterchessopen.com Glyfada (Greece)"]
[Date "2009.12.26"]
[Round "3"]
[White "Mihaloudis G"]
[Black "Savoglou Nikolaos (GRE)"]
[Result "0-1"]
[WhiteElo "1440"]
[BlackElo "1907"]

1.d4 Nf6 2.c4 g6 3.Nc3 Bg7 4.e4 d6 5.Nf3 O-O 6.Be2 e5 7.O-O Nc6 8.d5 Ne7 9.Ne1
Ne8 10.Be3 f5 11.f3 f4 12.Bf2 g5 13.b4 Nf6 14.c5 h5 15.cxd6 cxd6 16.Rc1 Rf7
17.a4 Ng6 18.a5 g4 19.Nb5 h4 20.Bxa7 gxf3 21.Bxf3 h3 22.Bb6 Qd7 23.Qd3 Ne8
24.Qb3 Qxb5 {#R} 0-1

[Event "It (open)"]
[Site "masterchessopen.com Goch (Germany)"]
[Round "5"]
[White "Cmiel Thorsten (GER)"]
[Black "Kuenitz Klaus (GER)"]
[Result "1-0"]
[WhiteElo "2238"]
[BlackElo "2066"]

1.d4 Nf6 2.c4 g6 3.Nc3 Bg7 4.e4 d6 5.Nf3 O-O 6.Be2 e5 7.O-O Nc6 8.d5 Ne7 9.Ne1
Ne8 10.f3 f5 11.g4 h6 12.Be3 fxe4 13.Nxe4 g5 14.Bd3 Nf6 15.h4 Nxe4 16.Bxe4
gxh4 17.Qd2 Rf6 18.g5 hxg5 19.Bxg5 Rf7 20.Ng2 h3 21.Nh4 Bf6 22.Bxf6 Rxf6
23.Qg5+ Kf7 24.Qh5+ Kf8 25.Kh2 Qe8 26.Qh8+ Kf7 27.Qh7+ Kf8 28.Rg1 Qf7 29.Qh8+
{#r} 1-0

[Event "It (open)"]
[Site "masterchessopen.com Gorges (France)"]
[Round "1"]
[White "Templier Benoit (FRA)"]
[Black "Dubois Marie (FRA)"]
[Result "1-0"]
[WhiteElo "1709"]
[BlackElo "1637"]

1.c4 Nf6 2.Nc3 g6 3.d4 Bg7 4.Nf3 O-O 5.e4 d6 6.Be2 e5 7.O-O Nc6 8.d5 Ne7 9.Ne1
Ne8 10.Be3 f5 11.f3 Nf6 12.Rc1 Kh8 13.Nd3 Neg8 14.c5 Nh6 15.Qd2 f4 16.Bf2 g5
17.cxd6 cxd6 18.Nb5 Ne8 19.Qc2 Rf7 20.Qd1 Qa5 21.a4 a6 22.b4 Qd8 23.Nc3 b6
24.b5 axb5 25.Nxb5 Nc7 26.Bxb6 Ba6 27.Bxc7 Rxc7 28.Nxc7 Bxd3 29.Nxa8 {#r} 1-0

[Event "It (open)"]
[Site "masterchessopen.com Graz (Austria)"]
[Round "9"]
[White "Baumegger Siegfried (AUT)"]
[Black "Forster Richard (SUI)"]
[Result "1-0"]
[WhiteElo "2235"]
[BlackElo "2370"]

1.d4 Nf6 2.c4 g6 3.Nc3 Bg7 4.e4 d6 5.Nf3 O-O 6.Be2 e5 7.O-O Nc6 8.d5 Ne7 9.Ne1
Ne8 10.f3 f5 11.g4 Kh8 12.Nd3 Ng8 13.Kh1 Bh6 14.Bxh6 Nxh6 15.exf5 gxf5 16.f4
Qe7 17.g5 Nf7 18.Qe1 Bd7 19.Bh5 e4 20.Qe3 c5 21.Rg1 Ng7 22.Be2 Ne5 23.Nxe5
dxe5 24.Rad1 Qd6 25.Qh3 Kg8 26.Qh6 Qe7 27.d6 Qf7 28.Nd5 Rfd8 29.g6 {#r} 1-0

[Event "It (open)"]
[Site "masterchessopen.com Graz (Austria)"]
[Round "3"]
[White "Freitag Manfred (AUT)"]
[Black "Nickl Klaus (AUT)"]
[Result "1-0"]
[WhiteElo "2295"]
[BlackElo "2144"]

1.d4 Nf6 2.c4 g6 3.Nc3 Bg7 4.e4 d6 5.Be2 O-O 6.Nf3 e5 7.O-O Nc6 8.d5 Ne7 9.Ne1
Ne8 10.Nd3 f5 11.f4 fxe4 12.Nxe4 Nf5 13.fxe5 dxe5 14.Bg5 Ne7 15.Rxf8+ Kxf8
16.Bg4 h6 17.Bxc8 Rxc8 18.Qg4 hxg5 19.Ndc5 Kg8 20.Qe6+ Kh8 21.Nxg5 Nd6 22.Qh3+
Kg8 {#r} 1-0

[Event "It (open)"]
[Site "masterchessopen.com Habana (Cuba)"]
[Round "0"]
[White "Hernandez Roman (CUB)"]
[Black "Boudy Julio (CUB)"]
[Result "0-1"]
[WhiteElo "2375"]
[BlackElo "2188"]

1.d4 Nf6 2.Nf3 g6 3.c4 Bg7 4.Nc3 O-O 5.e4 d6 6.Be2 e5 7.O-O Nc6 8.d5 Ne7 9.Ne1
Ne8 10.Be3 f5 11.f3 f4 12.Bf2 g5 13.b4 Rf6 14.c5 Rg6 15.Rc1 h5 16.Nd3 g4
17.Bh4 Bf6 18.Qe1 Nxd5 19.Bxf6 Ndxf6 20.Qh4 Qe7 21.Kh1 Be6 22.Rfd1 Qg7 23.Nb2
a5 24.a3 axb4 25.axb4 Qe7 26.Nc4 gxf3 27.gxf3 Nxe4 {#R} 0-1

[Event "It (open)"]
[Site "masterchessopen.com Hallsberg (Sweden)"]
[Round "1"]
[White "Kelly Brian (IRL)"]
[Black "Helbich Jan Jr (SVK)"]
[Result "1-0"]
[WhiteElo "2395"]
[BlackElo "2145"]

1.Nf3 Nf6 2.c4 g6 3.Nc3 Bg7 4.e4 d6 5.d4 O-O 6.Be2 e5 7.O-O Nc6 8.d5 Ne7 9.Ne1
Ne8 10.Be3 f5 11.f3 f4 12.Bf2 h5 13.c5 g5 14.a4 Ng6 15.a5 Nf6 16.cxd6 cxd6
17.Nb5 a6 18.Bb6 Qe7 19.Nc7 Rb8 20.Ba7 Qxc7 21.Rc1 Qe7 22.Bxb8 g4 23.Rc7 Bd7
24.Ba7 g3 25.Kh1 b5 26.axb6 Ne8 27.Rxd7 Qxd7 28.Bxa6 h4 29.h3 Nf6 30.Qc2 Ne7
31.b7 {#r} 1-0

[Event "It (open)"]
[Site "masterchessopen.com Hamburg (Germany)"]
[Date "2005.10.08"]
[Round "8"]
[White "Bley Manfred (GER)"]
[Black "Siregar Tera (GER)"]
[Result "1-0"]
[WhiteElo "1967"]
[BlackElo "2052"]

1.d4 Nf6 2.c4 d6 3.Nc3 g6 4.e4 Bg7 5.Nf3 O-O 6.Be2 e5 7.O-O Nc6 8.d5 Ne7 9.Ne1
c6 10.Be3 Re8 11.f3 cxd5 12.cxd5 Nh5 13.Rc1 f5 14.Nb5 Nf4 15.Nc7 Nxe2+ 16.Qxe2
Bd7 17.Nxa8 Qxa8 18.Rc7 Qd8 19.Qc4 a6 20.Qc2 Bb5 21.Rf2 f4 22.Bb6 Nc8 {#r} 1-0

[Event "It (open)"]
[Site "masterchessopen.com Harkany (Hungary)"]
[Round "3"]
[White "Ikonnikov Vyacheslav (RUS)"]
[Black "Meszaros Gyula (HUN)"]
[Result "1-0"]
[WhiteElo "2550"]
[BlackElo "2370"]

1.d4 Nf6 2.Nf3 g6 3.c4 Bg7 4.Nc3 O-O 5.e4 d6 6.Be2 e5 7.O-O Nc6 8.d5 Ne7 9.Ne1
Ne8 10.Be3 f5 11.f3 f4 12.Bf2 g5 13.c5 Rf6 14.Rc1 Rg6 15.Kh1 h5 16.Nb5 dxc5
17.Bxc5 a6 18.Na7 Bd7 19.Qb3 Nd6 20.Bxd6 Rxd6 21.Qxb7 Rb8 22.Qxc7 Qxc7 23.Rxc7
Rxb2 24.Bc4 Bf8 25.Nd3 Rc2 26.Rc1 Rxc1+ 27.Nxc1 g4 28.Nd3 Ng6 29.Nc6 gxf3
30.gxf3 Nh4 31.Ndxe5 Bh3 32.Ne7+ Bxe7 33.Rxe7 Rb6 34.Bb3 Kf8 35.Rf7+ Ke8 {#r}
1-0

[Event "It (open)"]
[Site "masterchessopen.com Hastings (England)"]
[Round "1"]
[White "Kelly Brian (IRL)"]
[Black "Hebden Mark (ENG)"]
[Result "0-1"]
[WhiteElo "2395"]
[BlackElo "2530"]

1.c4 g6 2.Nc3 Bg7 3.d4 Nf6 4.e4 d6 5.Nf3 O-O 6.Be2 e5 7.O-O Nc6 8.d5 Ne7 9.Ne1
Ne8 10.Be3 c5 11.dxc6 bxc6 12.Qd2 Be6 13.Rd1 Qc7 14.b4 Rd8 15.b5 d5 16.bxc6 d4
17.Bg5 f6 18.Bh4 dxc3 19.Qxd8 Qxd8 20.Rxd8 Nxc6 21.Rd1 Nd4 22.Bd3 Nd6 23.f3
Nxc4 24.Rc1 Nb2 25.Rxc3 Nxd3 26.Rxd3 Bc4 27.Rf2 Bxd3 28.Nxd3 Rd8 29.h3 a5
30.Nc5 Rc8 31.Nd7 g5 32.Bg3 a4 33.h4 h6 34.Rb2 a3 35.Rd2 Rd8 {#R} 0-1

[Event "It (open)"]
[Site "masterchessopen.com Hastings (England)"]
[Date "2008.01.01"]
[Round "5"]
[White "Knott Simon J B (ENG)"]
[Black "Fryer David William (ENG)"]
[Result "1-0"]
[WhiteElo "2348"]
[BlackElo "2072"]

1.Nf3 Nf6 2.c4 g6 3.Nc3 Bg7 4.e4 d6 5.d4 O-O 6.Be2 e5 7.O-O Nc6 8.d5 Ne7 9.Ne1
Ne8 10.a4 a5 11.Nd3 f5 12.Bd2 Nf6 13.f3 f4 14.c5 Bd7 15.Qb3 g5 16.Qxb7 dxc5
17.Nxc5 Rb8 18.Qa6 Rxb2 19.Ra2 Rb6 20.Qc4 Kh8 21.Nd1 Ne8 22.Bxa5 Rh6 23.Nf2
Nc8 24.Nxd7 Qxd7 25.Rc1 Nb6 26.Qc2 Rf7 27.Be1 Bf8 28.Ng4 {#r} 1-0

[Event "It (open)"]
[Site "masterchessopen.com Hastings (England)"]
[Date "2012.01.01"]
[Round "5"]
[White "Arias Castanedo Jacinto (ESP)"]
[Black "Lewicki Pawel"]
[Result "1-0"]
[WhiteElo "1940"]
[BlackElo "1850"]

1.d4 Nf6 2.Nf3 g6 3.c4 Bg7 4.Nc3 O-O 5.e4 d6 6.Be2 Nc6 7.O-O e5 8.d5 Ne7 9.Ne1
Ne8 10.g4 c6 11.Be3 f5 12.gxf5 gxf5 13.dxc6 bxc6 14.Bg5 f4 15.Kh1 h6 16.Bh4
Nf6 17.Rg1 Be6 18.Qd2 Qd7 19.Rd1 Rad8 20.f3 Qe8 21.Qc2 Qh5 22.Bf2 Nc8 23.Qa4
Qe8 24.Nc2 Rf7 25.Qa6 Nb6 26.c5 Nc8 27.Nb4 Rc7 28.Qa5 Qf7 29.cxd6 Rxd6 30.Rxd6
Nxd6 31.Qxe5 Nfe8 32.b3 Qf6 33.Qxf6 Nxf6 34.Nd3 Kh8 35.Nxf4 {#r} 1-0

[Event "It (open)"]
[Site "masterchessopen.com Hlohovec (Slovakia)"]
[Round "3"]
[White "Koutsin Sergey (UKR)"]
[Black "Skreno Vladimir (SVK)"]
[Result "1-0"]
[WhiteElo "2415"]
[BlackElo "2178"]

1.d4 Nf6 2.c4 g6 3.Nc3 Bg7 4.e4 d6 5.Nf3 O-O 6.Be2 e5 7.O-O Nc6 8.d5 Ne7 9.Ne1
Ne8 10.Be3 f5 11.f3 f4 12.Bf2 g5 13.c5 Rf7 14.a4 Bf8 15.cxd6 cxd6 16.a5 h5
17.Nb5 Ng6 18.Nxa7 Rxa7 19.Bxa7 Bd7 20.Bb6 Qf6 21.b4 Rg7 22.b5 g4 23.fxg4 hxg4
24.Bxg4 Bxb5 25.Rf2 Rh7 26.Rb1 Qh4 27.Be6+ Kh8 28.Nf3 {#r} 1-0

[Event "It (open)"]
[Site "masterchessopen.com Hlohovec (Slovakia)"]
[Round "6"]
[White "Krivoshey Sergei (UKR)"]
[Black "Dobrotka Martin (SVK)"]
[Result "1-0"]
[WhiteElo "2460"]
[BlackElo "2259"]

1.d4 Nf6 2.c4 g6 3.Nc3 Bg7 4.e4 d6 5.Be2 O-O 6.Nf3 e5 7.O-O Nc6 8.d5 Ne7 9.Ne1
Ne8 10.Be3 f5 11.f3 f4 12.Bf2 g5 13.c5 Ng6 14.a4 dxc5 15.Bxc5 Nd6 16.Nb5 a6
17.Nxd6 cxd6 18.Bf2 h5 19.Nc2 Bf6 20.Na3 Rf7 21.Nc4 g4 22.fxg4 Rg7 23.Nb6 f3
24.Bxf3 hxg4 25.Be2 g3 26.hxg3 Rb8 27.Nxc8 Rxc8 28.Bg4 Ra8 29.Be6+ Kf8 30.Be3
Ke8 31.Qh5 {#r} 1-0

[Event "It (open)"]
[Site "masterchessopen.com Hum na Sutli (Croatia)"]
[Date "2009.11.21"]
[Round "1"]
[White "Jakupec Denis (CRO)"]
[Black "Mezak Damir (CRO)"]
[Result "0-1"]
[WhiteElo "2154"]
[BlackElo "1804"]

1.d4 Nf6 2.Nf3 g6 3.c4 Bg7 4.Nc3 O-O 5.e4 d6 6.Be2 e5 7.O-O Nc6 8.d5 Ne7 9.Ne1
Ne8 10.Nd3 f5 11.f3 Bd7 12.c5 a5 13.Be3 Nf6 14.Qb3 Qb8 15.Rac1 Kh8 16.Nb5 fxe4
17.fxe4 Nxe4 18.Rxf8+ Qxf8 19.Nxc7 Rc8 20.cxd6 Nxd6 21.g4 Qf6 22.Rf1 Qh4
23.Ne6 Ne4 24.Qxb7 Ng3 25.Bf3 Nxf1 26.Qxd7 Nxe3 27.d6 Rc1+ 28.Nxc1 Qe1# 0-1

[Event "It (open)"]
[Site "masterchessopen.com Itapetininga (Brazil)"]
[Date "2010.10.11"]
[Round "3"]
[White "De Carvalho Igor Lorenzon (BRA)"]
[Black "Serafim Jr Arnor"]
[Result "1-0"]
[WhiteElo "1840"]
[BlackElo "1947"]

1.d4 Nf6 2.c4 g6 3.Nc3 Bg7 4.e4 d6 5.Be2 O-O 6.Nf3 e5 7.O-O Nc6 8.d5 Ne7 9.Ne1
Ne8 10.Be3 f5 11.f3 f4 12.Bf2 g5 13.c5 h5 14.cxd6 cxd6 15.a4 Nf6 16.Rc1 a6
17.Qb3 Nd7 18.Qb4 Rf6 19.a5 Rg6 20.Na4 g4 21.Nb6 g3 22.Nxa8 gxf2+ 23.Rxf2 h4
24.Nb6 Nc5 25.Qc4 Bd7 26.Nxd7 Qxd7 27.b4 Na4 28.Qc7 {#r} 1-0

[Event "It (open)"]
[Site "masterchessopen.com Karl-Mala (Germany)"]
[Round "1"]
[White "Idessis Dimitri (GER)"]
[Black "Kuenitz Klaus (GER)"]
[Result "1-0"]
[WhiteElo "2025"]
[BlackElo "1637"]

1.d4 Nf6 2.c4 g6 3.Nc3 Bg7 4.e4 d6 5.Be2 O-O 6.Nf3 e5 7.O-O Nc6 8.d5 Ne7 9.Ne1
Ne8 10.Nd3 f5 11.f3 f4 12.c5 g5 13.cxd6 cxd6 14.Nf2 h5 15.Bd2 Kh8 16.Qc2 Ng8
17.Rfc1 Nh6 18.h3 Rg8 19.Nb5 g4 20.Nc7 Nxc7 21.Qxc7 Qh4 22.fxg4 hxg4 23.Nxg4
Nxg4 24.hxg4 Bf8 25.Be1 Qg5 26.Qf7 Bxg4 27.Bxg4 Rg7 28.Qh5+ {#r} 1-0

[Event "It (open)"]
[Site "masterchessopen.com Karvina (Czech Republic)"]
[Round "4"]
[White "Vokac Marek (CZE)"]
[Black "Klima Lukas (CZE)"]
[Result "1-0"]
[WhiteElo "2504"]
[BlackElo "2409"]

1.c4 Nf6 2.Nc3 g6 3.e4 d6 4.d4 Bg7 5.Be2 O-O 6.Nf3 e5 7.O-O Nc6 8.d5 Ne7 9.Ne1
Ne8 10.Nd3 f5 11.f4 c6 12.fxe5 dxe5 13.Bg5 h6 14.Bh4 g5 15.Bg3 Nd6 16.Bxe5
Nxc4 17.Bxg7 Kxg7 18.Nc5 Qd6 19.b4 Ne5 20.dxc6 Qxd1 21.Raxd1 N7xc6 22.b5 Ne7
23.Nd5 Nxd5 24.Rxd5 Kf6 25.exf5 b6 26.Ne4+ {#r} 1-0

[Event "It (open)"]
[Site "masterchessopen.com Kavala (Greece)"]
[Round "0"]
[White "Valden Petros (GRE)"]
[Black "Topalidis Konstantinos (GRE)"]
[Result "1-0"]
[WhiteElo "2079"]
[BlackElo "2076"]

1.Nf3 d6 2.d4 g6 3.c4 Nf6 4.Nc3 Bg7 5.e4 O-O 6.Be2 e5 7.O-O Nc6 8.d5 Ne7 9.Ne1
Ne8 10.Nd3 f5 11.Bd2 f4 12.Bg4 h5 13.Bxc8 Rxc8 14.f3 g5 15.c5 Kh8 16.Rc1 Bf6
17.Qb3 Rb8 18.Nb5 a6 19.Na3 g4 20.Nc4 Ng6 21.cxd6 cxd6 22.Qb6 Qe7 23.fxg4 hxg4
24.Ba5 Nh4 25.Bb4 Rd8 26.Ndxe5 Qh7 27.Rxf4 dxe5 28.Nxe5 Qh6 29.Rcf1 Nf3+
30.R1xf3 gxf3 31.Bxf8 f2+ 32.Rxf2 Qc1+ 33.Rf1 {#r} 1-0

[Event "It (open)"]
[Site "masterchessopen.com Kavala (Greece)"]
[Date "2009.08.04"]
[Round "5"]
[White "Mastrorilli Nicola (ITA)"]
[Black "Konstantelias K (GRE)"]
[Result "0-1"]
[WhiteElo "2011"]
[BlackElo "1974"]

1.d4 Nf6 2.c4 g6 3.Nc3 Bg7 4.e4 d6 5.Be2 O-O 6.Nf3 e5 7.O-O Nc6 8.d5 Ne7 9.Ne1
Ne8 10.Be3 f5 11.f3 f4 12.Bf2 g5 13.Rc1 Ng6 14.c5 Rf7 15.b4 Bf8 16.Nd3 h5
17.b5 Nf6 18.b6 cxb6 19.cxb6 a6 20.Qb3 g4 21.Rc2 Bh6 22.Rb1 Rg7 23.Kf1 g3
24.hxg3 fxg3 25.Bxg3 h4 26.Bh2 Nh5 27.Nf2 Qg5 28.Ncd1 Ngf4 29.Ng4 Bxg4 30.Bxf4
Qxf4 31.Rc7 Ng3+ {#R} 0-1

[Event "It (open)"]
[Site "masterchessopen.com Kiel (Germany)"]
[Round "4"]
[White "Pericic Boris (GER)"]
[Black "Kemeny Matthias (GER)"]
[Result "0-1"]
[WhiteElo "2054"]
[BlackElo "2098"]

1.d4 Nf6 2.c4 g6 3.Nc3 Bg7 4.e4 d6 5.Be2 O-O 6.Nf3 e5 7.O-O Nc6 8.d5 Ne7 9.Ne1
Ne8 10.Nd3 f5 11.exf5 Nxf5 12.f4 exf4 13.Bxf4 Bd4+ 14.Kh1 Nf6 15.Bf3 Be3 16.g4
Bxf4 17.gxf5 Be3 18.Qe2 Re8 19.fxg6 Bf5 20.gxh7+ Kh8 21.Rad1 Qd7 22.Bh5 Nxh5
23.Qxh5 Bg4 24.Rf7 Bxh5 25.Rxd7 Bf3# 0-1

[Event "It (open)"]
[Site "masterchessopen.com Kiel (Germany)"]
[Date "2006.07.26"]
[Round "7"]
[White "Bubolz Konstantin (GER)"]
[Black "Janitzek Nils (GER)"]
[Result "1-0"]
[WhiteElo "2079"]
[BlackElo "1911"]

1.d4 Nf6 2.c4 g6 3.Nc3 Bg7 4.e4 d6 5.Nf3 O-O 6.Be2 e5 7.O-O Nc6 8.d5 Ne7 9.Ne1
a5 10.Be3 Nd7 11.a3 f5 12.f3 f4 13.Bf2 g5 14.b4 axb4 15.axb4 Rxa1 16.Qxa1 Nf6
17.c5 Ng6 18.Nb5 Rf7 19.Qa5 Qe7 20.cxd6 cxd6 21.Qa8 Rf8 22.Qb8 {#r} 1-0

[Event "It (open)"]
[Site "masterchessopen.com Klatovy (Czech Republic)"]
[Round "1"]
[White "Vorsilka Jiri"]
[Black "Pechacek Stanislav (CZE)"]
[Result "1-0"]
[WhiteElo "1955"]
[BlackElo "2173"]

1.Nf3 Nf6 2.c4 g6 3.Nc3 Bg7 4.e4 d6 5.d4 O-O 6.Be2 e5 7.O-O Nc6 8.d5 Ne7 9.Ne1
Ne8 10.Nd3 f5 11.f4 Kh8 12.fxe5 dxe5 13.Bg5 h6 14.Bxe7 Qxe7 15.exf5 gxf5
16.Kh1 a5 17.Qd2 Ra6 18.Rad1 Rg6 19.Qe3 f4 20.Rxf4 Rg8 21.Rf2 Nd6 22.Rdf1 Nxc4
23.Qe4 Bf6 24.Qxc4 Bh4 25.Nxe5 R6g7 26.Nf7+ Kh7 27.Bd3+ Rg6 28.Bxg6+ Rxg6
29.Re2 Bh3 30.gxh3 Qd7 31.Qxh4 b5 32.Qe7 {#r} 1-0

[Event "It (open)"]
[Site "masterchessopen.com Krakow (Poland)"]
[Date "2007.05.04"]
[Round "7"]
[White "Gralka Julian (POL)"]
[Black "Denderski Piotr (POL)"]
[Result "1-0"]
[WhiteElo "2284"]
[BlackElo "2289"]

1.d4 Nf6 2.c4 g6 3.Nc3 Bg7 4.e4 d6 5.Nf3 O-O 6.Be2 e5 7.O-O Nc6 8.d5 Ne7 9.Ne1
Ne8 10.Nd3 f5 11.f4 fxe4 12.Nxe4 Bf5 13.Ng5 h6 14.Ne6 Bxe6 15.dxe6 e4 16.Nf2
Qc8 17.Nxe4 Qxe6 18.Bd3 Nf5 19.Kh1 Bd4 20.Qf3 c6 21.Bd2 Neg7 22.Rae1 d5 23.Nc3
Qd7 24.cxd5 cxd5 25.Qxd5+ Qxd5 26.Nxd5 Bxb2 27.Rb1 Bd4 28.Rxb7 Rae8 29.g4 Nh4
30.Ne7+ Kh7 31.Be1 Bf6 32.Bxh4 {#r} 1-0

[Event "It (open)"]
[Site "masterchessopen.com Kstovo (Russia)"]
[Round "0"]
[White "Neverov Valeriy (UKR)"]
[Black "Saulin Dmitri (RUS)"]
[Result "1-0"]
[WhiteElo "2470"]
[BlackElo "2438"]

1.d4 Nf6 2.c4 g6 3.Nc3 Bg7 4.e4 d6 5.Nf3 O-O 6.Be2 e5 7.O-O Nc6 8.d5 Ne7 9.Ne1
Ne8 10.Nd3 f5 11.f4 Nf6 12.fxe5 Nxe4 13.e6 Bxc3 14.bxc3 c6 15.Bh6 Rf6 16.Bf3
cxd5 17.Bxe4 dxe4 18.Nf4 Rxe6 19.c5 Qa5 20.Nxe6 Bxe6 21.Qxd6 Kf7 22.Rab1 Rd8
23.Qe5 Bd5 24.c4 Bc6 25.Bg5 Re8 26.Qf6+ Kg8 {#r} 1-0

[Event "It (open)"]
[Site "masterchessopen.com La Fere (France)"]
[Round "8"]
[White "Gladyszev Oleg (RUS)"]
[Black "Dupont Dany (FRA)"]
[Result "1-0"]
[WhiteElo "2392"]
[BlackElo "1922"]

1.d4 Nf6 2.c4 g6 3.Nc3 Bg7 4.e4 O-O 5.Be2 d6 6.Nf3 e5 7.O-O Nc6 8.d5 Ne7 9.Ne1
Ne8 10.Be3 f5 11.f3 f4 12.Bf2 h5 13.a4 g5 14.a5 Ng6 15.c5 Nf6 16.cxd6 cxd6
17.Nb5 g4 18.Nxa7 g3 19.Bb6 gxh2+ 20.Kh1 Qe7 21.Nxc8 Raxc8 22.Nd3 h4 23.Kxh2
Nh5 24.Nf2 Qg5 25.Nh3 Qf6 26.Bb5 Rf7 27.Qa4 Nf8 28.Be8 {#r} 1-0

[Event "It (open)"]
[Site "masterchessopen.com Las Palmas (Spain)"]
[Round "0"]
[White "Gonzalez Intelangelo Gerardo (ESP)"]
[Black "Henriquez Garcia David (ESP)"]
[Result "0-1"]
[WhiteElo "2048"]
[BlackElo "2001"]

1.d4 Nf6 2.c4 g6 3.Nf3 Bg7 4.Nc3 O-O 5.e4 d6 6.Be2 e5 7.O-O Nc6 8.d5 Ne7 9.Ne1
Ne8 10.Nd3 f5 11.Rb1 Nf6 12.exf5 gxf5 13.Qc2 Kh8 14.b4 c6 15.Qb3 cxd5 16.Nxd5
Be6 17.Nxe7 Qxe7 18.a4 Qf7 19.Nb2 Rac8 20.Qe3 f4 21.Qa3 Qg6 22.Ra1 Rg8 23.f3
Bf8 24.Rf2 Bh3 25.Bd3 e4 26.Bxe4 Nxe4 27.fxe4 Bxg2 28.Qc3+ Bg7 {#R} 0-1

[Event "It (open)"]
[Site "masterchessopen.com Las Vegas (USA)"]
[Date "2007.06.10"]
[Round "6"]
[White "Gurevich Dmitry (USA)"]
[Black "Rubsamen Cornelius (USA)"]
[Result "1-0"]
[WhiteElo "2509"]
[BlackElo "2172"]

1.d4 Nf6 2.c4 g6 3.Nc3 Bg7 4.e4 d6 5.Nf3 O-O 6.Be2 e5 7.O-O Nc6 8.d5 Ne7 9.Ne1
Ne8 10.Be3 f5 11.f3 f4 12.Bf2 h5 13.Rc1 g5 14.c5 Rf6 15.Nb5 a6 16.Na7 Bd7
17.c6 bxc6 18.Nxc6 Nxc6 19.dxc6 Bc8 20.Bc4+ Kf8 21.Nd3 Rg6 22.Nc5 Qe7 23.Nd7+
Bxd7 24.cxd7 Nf6 25.Bd5 Rd8 26.Rxc7 Rxd7 27.Rc8+ Rd8 28.Qc2 g4 29.Bb6 Re8
30.Rc7 Nd7 31.Qc6 Rd8 32.Rb7 gxf3 33.Bxd8 Rxg2+ 34.Kh1 Qxd8 35.Qxd7 {#r} 1-0

[Event "It (open)"]
[Site "masterchessopen.com Latschach (Austria)"]
[Date "2005.08.14"]
[Round "3"]
[White "Hafner Robert (AUT)"]
[Black "Tokmachev Gennady (RUS)"]
[Result "0-1"]
[WhiteElo "2127"]
[BlackElo "2282"]

1.d4 Nf6 2.c4 g6 3.Nc3 Bg7 4.e4 d6 5.Nf3 O-O 6.Be2 e5 7.O-O Nc6 8.d5 Ne7 9.Ne1
Ne8 10.Nd3 f5 11.f3 f4 12.Bd2 h5 13.c5 g5 14.h3 Ng6 15.cxd6 cxd6 16.Nf2 Rf7
17.Rc1 Bf8 18.Qb3 Rg7 19.Rc2 Nh4 20.Rfc1 g4 21.fxg4 hxg4 22.hxg4 Nf6 23.Be1
Bxg4 24.Nxg4 Nxg4 25.Nd1 Nxg2 26.Kxg2 Ne3+ 27.Kf3 Qg5 28.Nxe3 Qh5+ 29.Kf2 Qh2+
30.Ng2 Qxg2# 0-1

[Event "It (open)"]
[Site "masterchessopen.com Leeuwarden (Netherlands)"]
[Round "4"]
[White "Van Der Wal Jannes (NED)"]
[Black "Schuurman Petra (NED)"]
[Result "0-1"]
[WhiteElo "2305"]
[BlackElo "2080"]

1.d4 Nf6 2.c4 g6 3.Nc3 Bg7 4.e4 d6 5.Be2 O-O 6.Nf3 e5 7.O-O Nc6 8.d5 Ne7 9.Ne1
Ne8 10.g4 f5 11.f3 Kh8 12.Kh1 c5 13.Rg1 Rb8 14.a3 Nf6 15.b4 b6 16.Rb1 Rb7
17.Rb2 fxe4 18.fxe4 h6 19.h4 Nexd5 20.exd5 Nxd5 21.Bf3 Nxc3 22.Qd3 e4 23.Bxe4
Nxe4 24.Qxe4 Rbf7 25.Ng2 Bb7 26.Qe1 Re8 27.Qg3 Rf3 {#R} 0-1

[Event "It (open)"]
[Site "masterchessopen.com Leutersdorf (Germany)"]
[Round "1"]
[White "Krivoshey Sergei (UKR)"]
[Black "Fey Franziska (GER)"]
[Result "1-0"]
[WhiteElo "2429"]
[BlackElo "1982"]

1.d4 Nf6 2.c4 g6 3.Nc3 Bg7 4.e4 d6 5.Be2 O-O 6.Nf3 e5 7.O-O Nc6 8.d5 Ne7 9.Ne1
Ne8 10.Be3 f5 11.f3 f4 12.Bf2 g5 13.c5 Kh8 14.a4 Ng8 15.cxd6 cxd6 16.a5 h5
17.b4 Nh6 18.Rc1 g4 19.Nb5 b6 20.axb6 axb6 21.Rc6 Rb8 22.Qc2 Bd7 23.Nd3 gxf3
24.Bxf3 Ng4 25.Rc1 Bxc6 26.dxc6 Nc7 27.Nxc7 Qxc7 28.b5 Nf6 29.Nb4 Ra8 30.Bh4
{#r} 1-0